000 00385nam a22001577a 4500
003 OSt
005 20250227105550.0
007 1312 pages
008 250227b |||||||| |||| 00| 0 eng d
020 _a9789357052450
040 _c
082 _a670.42
_bKAL
245 _aManufacturing Engineering and Technology
_cKalpakjain,Steven
260 _bPearson
_c2023
942 _2ddc
_cBK
_n0
999 _c36142
_d36142